| 000 | 00534nam a22002057a 4500 | ||
|---|---|---|---|
| 003 | USl | ||
| 005 | 20140310182821.0 | ||
| 008 | 130304t xxu||||| |||| 00| 0 eng d | ||
| 020 | _a8171797180 | ||
| 050 |
_aRM 219 _b.Sa187 2004 |
||
| 100 | _aSam, Molly | ||
| 245 |
_aA textbook of nutrition for nurses / _cMolly Sam, N. Geetha |
||
| 260 |
_aNew Delhi : _bjaypee Brothers, _c2004. |
||
| 300 |
_a276 p. : _bill. ; _c22 cm. |
||
| 521 | _aNUR | ||
| 650 | _aNutrition | ||
| 650 | _aNursing | ||
| 942 |
_2lcc _cBK _kFOR |
||
| 999 |
_c16408 _d16408 |
||